| 000 | 00741nam a22002417a 4500 | ||
|---|---|---|---|
| 008 | 131126b xxu||||| |||| 00| 0 eng d | ||
| 020 | _a0-87893-503-7 | ||
| 024 | _cAvailable | ||
| 037 | _cAvailable | ||
| 040 |
_aMBSTU LIBRARY _dMBSTU LIBRARY |
||
| 082 |
_222 _a363.73 ENV |
||
| 100 | _aEdited William W Murdoch. | ||
| 245 | _aEnvironment: resources, pollution and society. | ||
| 250 | _a2nd | ||
| 260 |
_aNew York _bSinauer Associates. _c1975 |
||
| 300 |
_a27 cm. _b488 page _f1 _g27 cm. |
||
| 600 | _2Environmental pollution. | ||
| 650 | _2Environmental pollution. | ||
| 700 | _aEdited William W Murdoch. | ||
| 270 |
_aNew York _bNew York _dUSA |
||
| 942 |
_2ddc _cBK |
||
| 999 |
_c880 _d880 |
||